[Event "GER AM05-B email"]
[Site "GER email"]
[Date "2019.06.19"]
[Round "?"]
[White "Nogga, Uwe"]
[Black "Epure, Cristian Ion"]
[Result "1/2-1/2"]
[WhiteElo "2462"]
[BlackElo "2474"]
[PlyCount "45"]
[EventDate "2019.??.??"]
[EventType "tourn (corr)"]
[EventRounds "14"]
[EventCountry "GER"]
[SourceTitle "Corr 2022"]
[Source "ChessBase"]
[SourceDate "2021.10.24"]
[SourceVersion "1"]
[SourceVersionDate "2021.10.24"]
[SourceQuality "1"]

1. d4 Nf6 2. Bg5 d5 3. e3 c5 4. Bxf6 gxf6 5. Nc3 Nc6 6. Qh5 e6 7. Nf3 Bd7 8. Bb5 cxd4 9. exd4 a6 10. Bxc6 Bxc6 11. 0-0 Qc7 12. a4 Bd6 13. Ne2 Rg8 14. Ne1 0-0-0 15. g3 Kb8 16. Ng2 f5 17. Qh6 f6 18. Qd2 Qd7 19. b3 h5 20. Rfb1 e5 21. f4 Bc7 22. Kh1 Rh8 23. Rf1 1/2-1/2

[Event "GER AM05-B email"]
[Site "GER email"]
[Date "2019.06.19"]
[Round "?"]
[White "Nogga, Uwe"]
[Black "Krzyzanowski, Wojciech"]
[Result "1/2-1/2"]
[WhiteElo "2462"]
[BlackElo "2493"]
[PlyCount "54"]
[EventDate "2019.??.??"]
[EventType "tourn (corr)"]
[EventRounds "14"]
[EventCountry "GER"]
[SourceTitle "Corr 2022"]
[Source "ChessBase"]
[SourceDate "2021.10.24"]
[SourceVersion "1"]
[SourceVersionDate "2021.10.24"]
[SourceQuality "1"]

1. d4 d5 2. c4 c6 3. Nf3 Nf6 4. Nc3 e6 5. Bg5 h6 6. Bh4 dxc4 7. e4 g5 8. Bg3 b5 9. Be2 Bb7 10. Qc2 Nh5 11. Be5 Rg8 12. h4 g4 13. Nh2 c5 14. d5 Nd7 15. Nxg4 Rxg4 16. Bxg4 Nxe5 17. Bxh5 b4 18. 0-0 bxc3 19. Qxc3 Bg7 20. Qg3 Kf8 21. dxe6 fxe6 22. Rad1 Nd3 23. b3 Bd4 24. bxc4 Ne5 25. Rxd4 Qxd4 26. Rd1 Qxe4 27. f4 Nxc4 1/2-1/2

[Event "GER AM05-B email"]
[Site "GER email"]
[Date "2019.06.19"]
[Round "?"]
[White "Nogga, Uwe"]
[Black "Mayer, Roger"]
[Result "1/2-1/2"]
[WhiteElo "2462"]
[BlackElo "2485"]
[PlyCount "41"]
[EventDate "2019.??.??"]
[EventType "tourn (corr)"]
[EventRounds "14"]
[EventCountry "GER"]
[SourceTitle "Corr 2022"]
[Source "ChessBase"]
[SourceDate "2021.10.24"]
[SourceVersion "1"]
[SourceVersionDate "2021.10.24"]
[SourceQuality "1"]

1. d4 Nf6 2. Bg5 d5 3. e3 c5 4. Bxf6 gxf6 5. Nc3 cxd4 6. exd4 Bf5 7. Bd3 Qd7 8. Bxf5 Qxf5 9. Nb5 Qd7 10. c4 dxc4 11. Qa4 Nc6 12. d5 Nd4 13. Nc7+ Kd8 14. Qxc4 Qxc7 15. Qxd4 Qe5+ 16. Ne2 Qxd4 17. Nxd4 Rg8 18. Nf5 Rg5 19. Ne3 Re5 20. 0-0 Rc8 21. Rae1 1/2-1/2

[Event "GER AM02-B email"]
[Site "GER email"]
[Date "2016.06.26"]
[Round "?"]
[White "Nogga, Uwe"]
[Black "Babic, Darko"]
[Result "1/2-1/2"]
[WhiteElo "2444"]
[BlackElo "2463"]
[PlyCount "75"]
[EventDate "2016.??.??"]
[EventType "tourn (corr)"]
[EventRounds "14"]
[EventCountry "GER"]
[SourceTitle "Corr 2017"]
[Source "ChessBase"]
[SourceDate "2017.09.19"]
[SourceVersion "1"]
[SourceVersionDate "2017.09.19"]
[SourceQuality "1"]

1. e4 e5 2. Nf3 Nc6 3. Bb5 Nf6 4. d3 Bc5 5. c3 0-0 6. 0-0 d6 7. Nbd2 Bb6 8. h3 Nd7 9. Re1 Ne7 10. d4 exd4 11. cxd4 d5 12. e5 c5 13. Bd3 h6 14. Bb1 cxd4 15. Nb3 Re8 16. Bf4 Nf8 17. Nbxd4 Nc6 18. Bg3 Bd7 19. Nf5 Bxf5 20. Bxf5 Ne6 21. Rc1 Ba5 22. Rf1 Qb6 23. Rb1 Bb4 24. Qxd5 Ne7 25. Qe4 Nxf5 26. Qxf5 Red8 27. Bf4 Rac8 28. Be3 Bc5 29. Bxc5 Rxc5 30. Rfd1 g6 31. Rxd8+ Qxd8 32. Qe4 Qd5 33. Qxd5 Rxd5 34. Rc1 Kf8 35. g3 Ke7 36. Kf1 Nc5 37. b3 Nd3 38. Rc7+ 1/2-1/2

[Event "GER AM02-B email"]
[Site "GER email"]
[Date "2016.06.26"]
[Round "?"]
[White "Nogga, Uwe"]
[Black "Mayer, Roger"]
[Result "1/2-1/2"]
[WhiteElo "2444"]
[BlackElo "2494"]
[PlyCount "86"]
[EventDate "2016.??.??"]
[EventType "tourn (corr)"]
[EventRounds "14"]
[EventCountry "GER"]
[SourceTitle "Corr 2020"]
[Source "ChessBase"]
[SourceDate "2019.09.30"]
[SourceVersion "1"]
[SourceVersionDate "2019.09.30"]
[SourceQuality "1"]

1. e4 c6 2. d4 d5 3. Nc3 dxe4 4. Nxe4 Bf5 5. Ng3 Bg6 6. Nf3 Nd7 7. h4 h6 8. h5 Bh7 9. Bd3 Bxd3 10. Qxd3 e6 11. Bf4 Qa5+ 12. Bd2 Bb4 13. c3 Be7 14. c4 Qc7 15. 0-0-0 Ngf6 16. Kb1 0-0 17. Qc2 Rfd8 18. Rh4 Ne8 19. Re4 Ndf6 20. Bf4 Bd6 21. Bxd6 Rxd6 22. Re2 Rad8 23. Red2 c5 24. b3 cxd4 25. Rxd4 Rxd4 26. Rxd4 Rxd4 27. Nxd4 Qb6 28. Qd2 Nd6 29. Kc1 Qc5 30. a4 Nfe4 31. Nxe4 Nxe4 32. Qe3 Nf6 33. Nf3 Qxe3+ 34. fxe3 Kf8 35. Ne5 Ke7 36. g4 Ne4 37. b4 f6 38. Nd3 Ng3 39. a5 f5 40. gxf5 Nxh5 41. fxe6 Nf6 42. Nc5 h5 43. Kd2 h4 1/2-1/2

[Event "GER AM02-B email"]
[Site "GER email"]
[Date "2016.06.26"]
[Round "?"]
[White "Utesch, Wolfgang"]
[Black "Nogga, Uwe"]
[Result "1/2-1/2"]
[WhiteElo "2461"]
[BlackElo "2444"]
[PlyCount "63"]
[EventDate "2016.??.??"]
[EventType "tourn (corr)"]
[EventRounds "14"]
[EventCountry "GER"]
[SourceTitle "Corr 2017"]
[Source "ChessBase"]
[SourceDate "2017.09.19"]
[SourceVersion "1"]
[SourceVersionDate "2017.09.19"]
[SourceQuality "1"]

1. c4 f5 2. Nf3 Nf6 3. g3 d6 4. d4 c6 5. Nc3 g6 6. Bg2 Bg7 7. 0-0 0-0 8. Rb1 a5 9. Qb3 Na6 10. Na4 Nc7 11. Nb6 Ra6 12. Nxc8 Qxc8 13. Rd1 a4 14. Qc2 b5 15. b3 Qa8 16. Ne1 axb3 17. axb3 bxc4 18. bxc4 Ra2 19. Rb2 Ra1 20. Qb3 Ne4 21. Nc2 Ra7 22. Rb1 c5 23. dxc5 dxc5 24. Na3 Ne6 25. Nb5 Ra4 26. Be3 Bf6 27. f3 Nd6 28. Bf2 Rb8 29. Qe3 Nd4 30. Nxd4 Rxb1 31. Rxb1 cxd4 32. Qe6+ 1/2-1/2